000
00291cam a2200133ua 4500
041
_a
eng
_h
100
_a
Sharma, A.K .
245
_a
Beekeeping Technology for perfit
260
_a
:
_b
National Hortband ,
_c
1997.
300
_a
; .
504
_a
942
_c
BK
999
_c
12937
_d
12937